A Brief Course in Organic Chemistry. A Combines Textbook and Laboratory Manual /

Guardat en:
Dades bibliogràfiques
Autor principal: Fuson, Reynold C. (autor)
Format: Llibre
Idioma:anglès
Publicat: Nueva York, EUA : Wiley, 1947
Matèries:
Etiquetes: Afegir etiqueta
Sense etiquetes, Sigues el primer a etiquetar aquest registre!

MARC

LEADER 00000nam^a2200000^a^4500
001 000014039
005 20250521000000.0
009 20260310083927.479
037 |a Acervo ITESO - Biblioteca 
041 |a ING 
082 |a 547.  |b FUS 
100 |a Fuson, Reynold C.  |e (autor) 
245 1 2 |a A Brief Course in Organic Chemistry. A Combines Textbook and Laboratory Manual /  |c R.C. Fuson. 
264 1 |a Nueva York, EUA :  |b Wiley,  |c 1947 
300 |a 254 p. 
336 |a texto  |b txt  |2 rdacontenido 
337 |a sin mediación  |b n  |2 rdamedio 
338 |a volumen  |b nc  |2 rdasoporte 
649 |a XX 
650 |a Química 
910 |a Fondo General 
920 |a Impresos - Libros 
930 |a Colección General 
905 |a 101 
901 |a 0140390100  |b IT1  |c ACC  |i 014039  |u 20250521 
901 |a 0140390200  |b IT1  |c ACC  |i 902668  |u 20250521 
902 |a https://opac.biblio.iteso.mx/vufind/Record/000014039